000 00367nam a2200133Ia 4500
008 100328s9999 xx 000 0 und d
082 _b69155
100 _aठाकूर दिलीप.
245 _aअॅक्ट्रेस.
260 _bअनघा.
630 _aअॅक्ट्रेस.
730 _aअॅक्ट्रेस.
942 _cBOOK
999 _c554888
_d554885